No place distant

Wedi'i Gadw mewn:
Manylion Llyfryddiaeth
Prif Awdur: Havlick, David G.
Fformat: Llyfr
Iaith:Undetermined
Cyhoeddwyd: Washington, D.C Island Press 2002
Pynciau:
Tagiau: Ychwanegu Tag
Dim Tagiau, Byddwch y cyntaf i dagio'r cofnod hwn!
Thư viện lưu trữ: Trung tâm Học liệu Trường Đại học Cần Thơ
LEADER 00549nam a2200205Ia 4500
001 CTU_129883
008 210402s9999 xx 000 0 und d
020 |c 45 
082 |a 388.12 
082 |b H384 
100 |a Havlick, David G. 
245 0 |a No place distant 
245 0 |c David G. Havlick ; foreword by Mike Dombeck. 
260 |a Washington, D.C 
260 |b Island Press 
260 |c 2002 
650 |a Public land roads 
650 |z United States. 
904 |i Tuyến 
980 |a Trung tâm Học liệu Trường Đại học Cần Thơ